000169730 001__ 169730
000169730 005__ 20260304131018.0
000169730 037__ $$aTAZ-TFG-2026-164
000169730 041__ $$aspa
000169730 1001_ $$aLou Puyo, Alicia
000169730 24200 $$aA study on air quality in the new faculty of philosophy and letters: analysis of pollutants and effectiveness of the mechanical ventilation system.
000169730 24500 $$aEstudio de calidad de aire interior en el edifico nuevo de Filosofía y Letras: análisis de contaminantes y efectividad del sistema de ventilación mecánica.
000169730 260__ $$aZaragoza$$bUniversidad de Zaragoza$$c2026
000169730 506__ $$aby-nc-sa$$bCreative Commons$$c3.0$$uhttp://creativecommons.org/licenses/by-nc-sa/3.0/
000169730 520__ $$aTrabajo Fin de Grado sobre la Calidad de Aire Interior, los contaminantes presentes en el aire y sus efectos en las personas y en concreto sobre el edificio nuevo de Filosofía y Letras. El trabajo estudia el sistema de ventilación del edificio y su efectividad así como la posible formación de contaminantes generados en el sistema de limpieza de aire.<br /><br />
000169730 521__ $$aGraduado en Ingeniería de Tecnologías Industriales
000169730 540__ $$aDerechos regulados por licencia Creative Commons
000169730 691__ $$a3 7 9
000169730 692__ $$aAportación a la sostenibilidad en el contexto de calidad de aire y salud de las personas.
000169730 700__ $$aZalba Nonay, María Belén$$edir.
000169730 7102_ $$aUniversidad de Zaragoza$$bIngeniería Mecánica$$cMáquinas y Motores Térmicos
000169730 8560_ $$f817483@unizar.es
000169730 8564_ $$s6068672$$uhttps://zaguan.unizar.es/record/169730/files/TAZ-TFG-2026-164.pdf$$yMemoria (spa)
000169730 909CO $$ooai:zaguan.unizar.es:169730$$pdriver$$ptrabajos-fin-grado
000169730 950__ $$a
000169730 951__ $$adeposita:2026-03-04
000169730 980__ $$aTAZ$$bTFG$$cEINA
000169730 999__ $$a20260126194346.CREATION_DATE